Spoľahlivosť a životnosť spájkovaných spojov vyhotovených bezolovnatými spájkami v mikroelektronike : Dizertačná práca

Gespeichert in:
Bibliographische Detailangaben
1. Verfasser: Szewczyková, Beáta (Verfasst von)
Weitere Verfasser: Čaplovič, Ľubomír, 1955- (Betreuung Doktorarbeit)
Format: Manuskript Buch
Sprache:Slowakisch
Veröffentlicht: Trnava : STU v Bratislave MTF UVTE KZv, 2009
Schlagworte:
Tags: Tag hinzufügen
Keine Tags, Fügen Sie das erste Tag hinzu!

MARC

LEADER 00000ntm a22000003a 4500
001 stu197419
005 20150617230034.7
008 091218s2009----xo------------------slo-d
040 |a STU  |b slo 
041 0 |a slo 
044 |a xo 
100 1 |a Szewczyková, Beáta  |4 aut  |u M140  |T MTF Katedra zvárania  |U M140  |Y M140 
245 1 |a Spoľahlivosť a životnosť spájkovaných spojov vyhotovených bezolovnatými spájkami v mikroelektronike :  |b Dizertačná práca 
260 |a Trnava :  |b STU v Bratislave MTF UVTE KZv,  |c 2009 
300 |a 162 s  |c autoreferát 
500 |a Odbor: Strojárske technológie a materiály 23-07-9 
650 7 |a bezolovnaté spájky  |2 stusub 
700 1 |a Čaplovič, Ľubomír,  |d 1955-  |4 ths  |u M1000  |U MTF Materiálovotechnologická fakulta  |T MTF Ústav materiálov  |X 315  |U M1000  |Y 81  |7 A000000315 
996 |b 284M071973  |c M*DzP-120  |l MMSKP  |s P  |a 0  |w stu197419_0001